Cultural diversity in health & illness / (Record no. 1218)

MARC details
000 -LEADER
fixed length control field 01284cam a22004094a 4500
005 - DATE AND TIME OF LATEST TRANSACTION
control field 20260322212051.0
008 - FIXED-LENGTH DATA ELEMENTS--GENERAL INFORMATION
fixed length control field data
010 ## - LIBRARY OF CONGRESS CONTROL NUMBER
LC control number 2003042960
015 ## - NATIONAL BIBLIOGRAPHY NUMBER
National bibliography number GBA3-X1111
019 ## -
-- 53211361
-- 53211361
020 ## - INTERNATIONAL STANDARD BOOK NUMBER
International Standard Book Number 0130493791
020 ## - INTERNATIONAL STANDARD BOOK NUMBER
International Standard Book Number 9780130493798
040 ## - CATALOGING SOURCE
Original cataloging agency DLC
Transcribing agency DLC
Modifying agency IXA
-- COU
-- OCLCQ
-- UKM
-- IXA
041 09 - LANGUAGE CODE
Language code of text/sound track or separate title eng
042 ## - AUTHENTICATION CODE
Authentication code nlmcopyc
-- nlmcopyc
043 ## - GEOGRAPHIC AREA CODE
Geographic area code n-us---
044 ## - COUNTRY OF PUBLISHING/PRODUCING ENTITY CODE
-- United States
049 ## - LOCAL HOLDINGS (OCLC)
Holding library NLMM
050 00 - LIBRARY OF CONGRESS CALL NUMBER
Classification number RA418.5.T73
Item number S64 2004
060 00 - NATIONAL LIBRARY OF MEDICINE CALL NUMBER
Classification number WA 30
Item number S741c 2004
082 00 - DEWEY DECIMAL CLASSIFICATION NUMBER
Classification number 362.1/0425
Edition information 21
092 ## - LOCALLY ASSIGNED DEWEY CALL NUMBER (OCLC)
Classification number 362.10425 S7 2004
001 - CONTROL NUMBER
control field data
100 1# - MAIN ENTRY--PERSONAL NAME
Personal name Spector, Rachel E.,
Dates associated with a name 1940-
245 10 - TITLE STATEMENT
Title Cultural diversity in health & illness /
Statement of responsibility, etc. Rachel E. Spector.
246 3# - VARYING FORM OF TITLE
Title proper/short title Cultural diversity in health and illness
250 ## - EDITION STATEMENT
Edition statement 6th ed.
260 ## - PUBLICATION, DISTRIBUTION, ETC.
Place of publication, distribution, etc. Upper Saddle River, N.J. :
Name of publisher, distributor, etc. Pearson Prentice Hall,
Date of publication, distribution, etc. c2004.
300 ## - PHYSICAL DESCRIPTION
Extent xviii, 375 p. :
Other physical details ill. ;
Dimensions 23 cm.
504 ## - BIBLIOGRAPHY, ETC. NOTE
Bibliography, etc. note Includes bibliographical references (p. 343-363) and index.
650 12 - SUBJECT ADDED ENTRY--TOPICAL TERM
Topical term or geographic name entry element Cultural Diversity
Geographic subdivision United States
650 22 - SUBJECT ADDED ENTRY--TOPICAL TERM
Topical term or geographic name entry element Health Status
Geographic subdivision United States
650 22 - SUBJECT ADDED ENTRY--TOPICAL TERM
Topical term or geographic name entry element Delivery of Health Care
Geographic subdivision United States
650 22 - SUBJECT ADDED ENTRY--TOPICAL TERM
Topical term or geographic name entry element Attitude to Health
General subdivision ethnology
Geographic subdivision United States
650 22 - SUBJECT ADDED ENTRY--TOPICAL TERM
Topical term or geographic name entry element Attitude of Health Personnel
Geographic subdivision United States
994 ## -
-- CDN
-- 20031204
Holdings
Withdrawn status Lost status Damaged status Not for loan Home library Current library Shelving location Date acquired Total checkouts Full call number Barcode Date last seen Price effective from Koha item type
        Riverside Riverside General stacks 22/03/2026   362.1/0425 21 BC0011258 22/03/2026 22/03/2026 Books